Guidance on Green Deal Sanctions and Appeals (Record no. 114920)

MARC details
000 -LEADER
fixed length control field 01041cad a22002055a 4500
001 - CONTROL NUMBER
control field L157685
008 - FIXED-LENGTH DATA ELEMENTS--GENERAL INFORMATION
fixed length control field 130227s2013 xxk f 000 0 eng d
035 ## - SYSTEM CONTROL NUMBER
System control number (Sirsi) u157685
041 0# - LANGUAGE CODE
Language code of text/sound track or separate title eng
110 2# - MAIN ENTRY--CORPORATE NAME
Corporate name or jurisdiction name as entry element United Kingdom
Subordinate unit Department of Energy and Climate Change
9 (RLIN) 5850
245 00 - TITLE STATEMENT
Title Guidance on Green Deal Sanctions and Appeals
Medium [electronic resource]
260 ## - PUBLICATION, DISTRIBUTION, ETC.
Place of publication, distribution, etc. London
Name of publisher, distributor, etc. DECC
Date of publication, distribution, etc. 2013
520 ## - SUMMARY, ETC.
Summary, etc. Guidance sets out the circumstances under which sanctions would be imposed under the Green Deal Framework Regulations 2012. The guidance is aimed at green deal providers, assessors and other people directly affected by a sanction imposed by the DECC Secretary of State in relation to the Green Deal.
590 ## - LOCAL NOTE (RLIN)
Local note KA
651 #4 - SUBJECT ADDED ENTRY--GEOGRAPHIC NAME
Geographic name United Kingdom
690 ## - LOCAL SUBJECT ADDED ENTRY--TOPICAL TERM (OCLC, RLIN)
Topical term or geographic name as entry element Energy
9 (RLIN) 6237
690 ## - LOCAL SUBJECT ADDED ENTRY--TOPICAL TERM (OCLC, RLIN)
Topical term or geographic name as entry element Sustainability
9 (RLIN) 6271
856 40 - ELECTRONIC LOCATION AND ACCESS
Uniform Resource Identifier <a href="https://www.gov.uk/government/uploads/system/uploads/attachment_data/file/79110/Guidance_on_Green_Deal_Sanctions_and_Appeals__7_February_2013_FINAL.pdf">https://www.gov.uk/government/uploads/system/uploads/attachment_data/file/79110/Guidance_on_Green_Deal_Sanctions_and_Appeals__7_February_2013_FINAL.pdf</a>
Public note View the item free of charge at www.gov.uk
942 ## - ADDED ENTRY ELEMENTS (KOHA)
Suppress in OPAC 0
Holdings
Withdrawn status Lost status Source of classification or shelving scheme Damaged status Not for loan Home library Current library Shelving location Date acquired Total Checkouts Full call number Barcode Date last seen Copy number Price effective from Koha item type
    Dewey Decimal Classification     London London Online 27/02/2013   ONLINE PUBLICATION 157685-1001 06/08/2019 1 06/08/2019 Book